000 00691nam a2200229 i 4500
001 bg
245 0 0 _aĆwiczenia laboratoryjne z fizyki /
_c[aut.] Roman Dragon [et al.].
250 _a(Wyd. 6).
260 _aOpole :
_bWSI,
_c1996.
300 _a448 s. :
_brys., wykr. ;
_c24 cm.
490 1 _aSkrypt / Wyższa Szkoła Inżynierska w Opolu,
_x0860-9004 ;
_vnr 186
504 _aBibliogr. przy rozdz.
650 9 _aFizyka
655 _aĆwiczenia i zadania
700 1 _aDRAGON, Roman.
830 0 _aSkrypt (Wyższa Szkoła Inżynierska w Opolu) ;
_vnr 186
040 _cBPK
041 0 _apl
080 _a53(075.8)(076)
942 _cKS
008 s pl f |000 0 pol
999 _c24967
_d24967
856 _uhttp://koha.tu.koszalin.pl/cgi-bin/koha/opac-detail.pl?biblionumber=24967
_yKatalog online BPK